High density planting - An option for higher productivity of rubber in North eastern region of India (Record no. 60367)

MARC details
000 -LEADER
fixed length control field 00510nam a2200121Ia 4500
100 ## - MAIN ENTRY--AUTHOR NAME
Personal name Dey S K
245 #0 - TITLE STATEMENT
Title High density planting - An option for higher productivity of rubber in North eastern region of India
260 ## - PUBLICATION, DISTRIBUTION, ETC. (IMPRINT)
Name of publisher IRC 2012. International Rubber Conference, 28-31 October 2012, Kovalam, India, Rubber Research Institute of India, Kottayam and IRRDB, Malaysia: Abstracts. pp.151.
650 ## - SUBJECT ADDED ENTRY--TOPICAL TERM
Topical Term High density planting
700 ## - ADDED ENTRY--PERSONAL NAME
Personal name Datta B
942 ## - ADDED ENTRY ELEMENTS (KOHA)
Koha item type Journals
Holdings
Withdrawn status Lost status Damaged status Not for loan Home library Current library Shelving location Date acquired Koha item type
      Journals RRII Library RRII Library Crop management 17/04/2013 Journals